| 000 | 00621nam a2200205Ia 4500 | ||
|---|---|---|---|
| 003 | OSt | ||
| 005 | 20230808155651.0 | ||
| 008 | 221221s9999 xx 000 0 und d | ||
| 020 | _a0205270093 | ||
| 040 | _cChuka University Library | ||
| 050 |
_aLB 1775.2 _bM32 1998 |
||
| 100 |
_aMcNergney, Robert F and Joanne M. Herbert _93033 |
||
| 245 | 0 | _aFoundations of education: The challenge of professional practice | |
| 250 | _a2nd ed. | ||
| 260 |
_aBoston _bAllyn & Bacon _c1998 |
||
| 300 |
_a588p. _bColored illustrations |
||
| 650 |
_aTeaching _xVocational guidance _911669 |
||
| 650 |
_aEducation _936 |
||
| 942 |
_cBK _2lcc |
||
| 999 |
_c4011 _d4011 |
||